00301 a2200097 4500001001000000005001700010008004100027245006600068100002800134773004100162ART_4759420260410161630.0260409a 10aLas escisiones societarias en las normas contables argentinas1 aTorres, Carlos Federico0 tEnfoquesg- N°9 (sep. 2018)wREV416